Statistics for Largest Islands in Mainland Nations

Click here to take the quiz!

General Stats

  • This quiz has been taken 34 times
    (28 since last reset)
  • The average score is 10 of 21

Answer Stats

km2Island% Correct
507,451Baffin Island
81%
196,236Ellesmere Island
78%
217,291Victoria Island
78%
25,711Sicily
74%
108,860Newfoundland
67%
65,022Tasmania
59%
33,210Hainan
56%
72,493Sakhalin
56%
38,981Spitsbergen
56%
31,285Vancouver Island
56%
70,028Banks Island
44%
43,178Axel Heiberg Island
33%
55,247Devon Island
33%
33,339Prince of Wales Island
30%
41,214Southampton Island
30%
47,992Tierra del Fuego
30%
40,100Marajó
26%
42,149Melville Island
26%
47,079Severny
26%
33,246Yuzhny
26%
24,786Somerset Island
22%

Score Distribution

Percentile by Number Answered

Percent of People with Each Score

Your Score History

You have not taken this quiz since the last reset